000 00568nam a22001817a 4500
005 20251108172539.0
008 250721s9999 xx 000 0 ara d
082 1 4 _a924.1/بكا
100 1 _aبكاء، محمد عبدالمطلب
245 1 0 _aمصطفى جواد وجهوده اللغوية /
264 1 _aبغداد :
_bمنشورات وزارة الثقافة والإعلام،
300 _a260 ص.
490 0 _aسلسلة دراسات ; 322
650 1 7 _aاللغة العربية
650 1 7 _aالتراجم
942 _2ddc
_cBK
999 _c82209
_d82209